000 00768nam a2200277 a 4500
003 AR-BaBNM
005 20251128204311.0
008 082120s2002 ||||||||||||||000 | spa||
040 _cAR-BaBNM
100 1 _aGracián, Lorenzo
245 0 0 _aObras completas
_bEl héroe ; El político ; Agudeza y arte de ingenio
_n1 ;
260 _aBuenos Aires
_bPoblet
_c1943
300 _a580 p.
500 _aBaltasar Gracián es el seudónimo de Lorenzo Gracián
650 4 _aRETORICA
650 4 _aLITERATURA ESPAÑOLA
650 4 _aRECURSOS LITERARIOS
650 4 _aESCRITORES
650 4 _aRELIGION
653 _aLITERATURA FILOSOFICA
653 _aBARROCO
655 _aLITERATURA
700 1 _aQuiles, Ismael
_eprologuista
942 _cBK
998 _cMARTIN
999 _c6935
_d6935